[Event "DEM U16 2009"]
[Site "Willingen GER"]
[Date "2009.06.02"]
[Round "4"]
[White "Osmanodja, Filiz"]
[Black "Graf, Felix"]
[Result "0-1"]
[Termination "normal"]
[Board "3"]
[WhiteTitle "FM"]
[WhiteElo "1963"]
[BlackElo "2300"]
[PlyCount "114"]
[WhiteFideId "24633569"]
[BlackFideId "24608904"]
[EventCountry "GER"]
[EventRounds "9"]
[EventType "swiss"]
[EventDate "2009.05.30"]

1. e4 c5 2. Nf3 e6 3. d4 cxd4 4. Nxd4 Nc6 5. Nc3 Qc7 6. Be3 a6 7. Qd2 b5 8.
O-O-O Nxd4 9. Bxd4 Ne7 10. f4 Nc6 11. Be3 f6 12. Nd5 exd5 13. exd5 Nb4 14. a3
Qxc2+ 15. Qxc2 Nxc2 16. Kxc2 Bb7 17. Be2 Rc8+ 18. Kb1 Bc5 19. Bg4 Bxe3 20. Rhe1
Kd8 21. Rxe3 Rc4 22. g3 Re8 23. Rxe8+ Kxe8 24. Bf3 Rc5 25. Rd4 Kf7 26. Be4 g6
27. Bf3 Ba8 28. Bg2 Rc8 29. b4 Ke7 30. Kb2 Kd6 31. Bf3 g5 32. Kb3 Rc1 33. Rd3
gxf4 34. g4 Re1 35. Kc2 Ke5 36. Kd2 Ra1 37. h4 Ra2+ 38. Ke1 Rh2 39. h5 Rh3 40.
Ke2 h6 41. Kf2 Bb7 42. Ke2 Rh2+ 43. Kd1 d6 44. Ke1 Rc2 45. Kf1 Rc4 46. Rd2 Rc3
47. Kf2 Rxa3 48. Bg2 Re3 49. Rd1 a5 50. bxa5 b4 51. Rd2 b3 52. Bf3 Ba6 53. Rb2
Bc4 54. Rd2 Rc3 55. Rd1 Rc2+ 56. Kg1 b2 57. Re1+ Kd4 0-1

[Event "DEM U16 2009"]
[Site "Willingen GER"]
[Date "2009.06.02"]
[Round "4"]
[White "Grünter, Martin"]
[Black "Butschek, Marc"]
[Result "0-1"]
[Termination "normal"]
[Board "4"]
[WhiteElo "2092"]
[BlackElo "1855"]
[PlyCount "80"]
[WhiteFideId "24640352"]
[BlackFideId "4630904"]
[EventCountry "GER"]
[EventRounds "9"]
[EventType "swiss"]
[EventDate "2009.05.30"]

1. e4 e6 2. d4 d5 3. Nc3 Nf6 4. Bg5 Bb4 5. e5 h6 6. Bc1 Ne4 7. Qg4 g6 8. Nge2
c5 9. a3 Qa5 10. Rb1 Bxc3+ 11. Nxc3 Nxc3 12. Bd2 Qa4 13. Bxc3 Qxc2 14. Rd1 c4
15. Be2 Nc6 16. O-O Qf5 17. Qh4 g5 18. Qg3 Ne7 19. f4 Qg6 20. Qh3 Qg7 21. Bh5
Ng6 22. Bxg6 Qxg6 23. fxg5 Qxg5 24. Bd2 Qg6 25. Rf6 Qc2 26. Qh5 Rh7 27. Rdf1
Bd7 28. Rxf7 O-O-O 29. Rxh7 Qxd2 30. Qd1 Qxb2 31. Rf3 Rg8 32. Qf1 Qxd4+ 33. Kh1
Qc5 34. Rxh6 d4 35. Rhf6 c3 36. Qd3 c2 37. Rf1 c1=Q 38. Rxc1 Qxc1+ 39. Rf1 Qg5
40. Qc4+ Kb8 0-1

[Event "DEM U16 2009"]
[Site "Willingen GER"]
[Date "2009.06.02"]
[Round "4"]
[White "Jussupow, Alexander"]
[Black "Zuferi, Enis"]
[Result "1-0"]
[Termination "normal"]
[Board "5"]
[WhiteElo "2072"]
[BlackElo "1910"]
[PlyCount "43"]
[WhiteFideId "24613509"]
[BlackFideId "24692530"]
[EventCountry "GER"]
[EventRounds "9"]
[EventType "swiss"]
[EventDate "2009.05.30"]

1. d4 d5 2. Nf3 c6 3. e3 Nf6 4. c4 e6 5. Nbd2 Nbd7 6. Bd3 Be7 7. O-O O-O 8. b3
a6 9. e4 dxe4 10. Nxe4 Nxe4 11. Bxe4 Nf6 12. Bc2 c5 13. Bb2 b6 14. Qd3 g6 15.
Rad1 Bb7 16. Rfe1 Re8 17. Ne5 Bf8 18. dxc5 Bxc5 19. Qc3 Qe7 20. Nd7 e5 21. Rxe5
Bxf2+ 22. Kh1 1-0

[Event "DEM U16 2009"]
[Site "Willingen GER"]
[Date "2009.06.02"]
[Round "4"]
[White "Kugler, Florian"]
[Black "Kartsev, Alexandr"]
[Result "0-1"]
[Termination "normal"]
[Board "6"]
[WhiteElo "2000"]
[BlackElo "2074"]
[PlyCount "72"]
[WhiteFideId "4633300"]
[BlackFideId "24647110"]
[EventCountry "GER"]
[EventRounds "9"]
[EventType "swiss"]
[EventDate "2009.05.30"]

1. d4 Nf6 2. Nf3 d5 3. c4 c6 4. e3 e6 5. Nc3 Nbd7 6. Bd3 Bd6 7. O-O O-O 8. e4
dxe4 9. Nxe4 Nxe4 10. Bxe4 f5 11. Bd3 e5 12. c5 Be7 13. Bc4+ Kh8 14. dxe5 Nxc5
15. Qxd8 Bxd8 16. Bg5 Be6 17. Bxd8 Raxd8 18. Bxe6 Nxe6 19. Rfd1 Kg8 20. Kf1 Kf7
21. g3 Ke7 22. Ke2 g5 23. Ne1 f4 24. Rd3 Rf5 25. Rxd8 Rxe5+ 26. Kf3 Kxd8 27.
Rd1+ Ke7 28. Ng2 Rb5 29. Rd2 fxg3 30. fxg3 h5 31. Ne3 g4+ 32. Ke4 Ng5+ 33. Kf4
Kf6 34. Rd6+ Ne6+ 35. Ke4 Rb4+ 36. Kd3 Rxb2 0-1

[Event "DEM U16 2009"]
[Site "Willingen GER"]
[Date "2009.06.02"]
[Round "4"]
[White "Günnigmann, Manuel"]
[Black "Müller, Tobias"]
[Result "1/2-1/2"]
[Termination "normal"]
[Board "7"]
[WhiteElo "2133"]
[BlackElo "1744"]
[PlyCount "79"]
[WhiteFideId "24640360"]
[BlackFideId "24643394"]
[EventCountry "GER"]
[EventRounds "9"]
[EventType "swiss"]
[EventDate "2009.05.30"]

1. e4 c5 2. Nf3 d6 3. d4 cxd4 4. Nxd4 Nf6 5. Nc3 g6 6. Be3 Bg7 7. f3 O-O 8. Qd2
Nc6 9. Bc4 Bd7 10. h4 h5 11. Bb3 Rb8 12. Nxc6 bxc6 13. Bxa7 Rc8 14. Be3 c5 15.
Bc4 Qb6 16. Rb1 Qb4 17. Be2 Rb8 18. O-O Rfd8 19. a3 Qa5 20. Bc4 Bc6 21. Ne2 Qa8
22. Nf4 d5 23. exd5 Nxd5 24. Nxd5 Bxd5 25. Bxd5 Rxd5 26. Qc1 Qa4 27. c4 Rd3 28.
Bxc5 Qb3 29. Rd1 Rxd1+ 30. Qxd1 Qxc4 31. Bxe7 Rxb2 32. Rxb2 Bxb2 33. Qd8+ Kg7
34. Qf8+ Kh7 35. Bg5 Bd4+ 36. Kh2 Be5+ 37. Kg1 Bd4+ 38. Kh2 Be5+ 39. Kg1 Bd4+
40. Kh2 1/2-1/2

[Event "DEM U16 2009"]
[Site "Willingen GER"]
[Date "2009.06.02"]
[Round "4"]
[White "Aslan, Benjamin"]
[Black "Berchtenbreiter, Maximilian"]
[Result "0-1"]
[Termination "normal"]
[Board "8"]
[WhiteElo "1989"]
[BlackElo "2148"]
[PlyCount "60"]
[WhiteFideId "24640298"]
[BlackFideId "24641120"]
[EventCountry "GER"]
[EventRounds "9"]
[EventType "swiss"]
[EventDate "2009.05.30"]

1. d4 Nf6 2. c4 c5 3. Nf3 cxd4 4. Nxd4 b6 5. Nc3 Bb7 6. Bg5 a6 7. Bxf6 gxf6 8.
e4 e6 9. Rc1 Bb4 10. Bd3 Rg8 11. Qh5 Rxg2 12. Kf1 Rg7 13. Nd5 Bc5 14. Qh6 Rg6
15. Qxh7 Nc6 16. Nf5 Bf8 17. Nf4 Rg4 18. Nh6 Bxh6 19. Qxh6 Qc7 20. Nd5 exd5 21.
cxd5 Qd6 22. Be2 Rg6 23. Qh7 Qf4 24. Rc3 Ne7 25. Bh5 Qxe4 26. Bxg6 Qxh1+ 27.
Ke2 Nxg6 28. Qg8+ Ke7 29. Re3+ Ne5 30. d6+ Kxd6 0-1

[Event "DEM U16 2009"]
[Site "Willingen GER"]
[Date "2009.06.02"]
[Round "4"]
[White "März, Julian"]
[Black "Wendling, Florian"]
[Result "1-0"]
[Termination "normal"]
[Board "9"]
[WhiteElo "1992"]
[BlackElo "1815"]
[PlyCount "77"]
[WhiteFideId "24646172"]
[BlackFideId "24640212"]
[EventCountry "GER"]
[EventRounds "9"]
[EventType "swiss"]
[EventDate "2009.05.30"]

1. e4 c5 2. Nf3 d6 3. d4 cxd4 4. Nxd4 Nf6 5. Nc3 a6 6. h3 e6 7. g4 Be7 8. Bg2
Qc7 9. Be3 Nc6 10. Qd2 Na5 11. b3 Rb8 12. O-O O-O 13. Nce2 b5 14. Ng3 Bb7 15.
a4 b4 16. Nde2 Ba8 17. f4 d5 18. e5 Nd7 19. Nd4 Bc5 20. Qf2 Rbc8 21. Nge2 Qa7
22. Rae1 f6 23. exf6 Rxf6 24. g5 Rf7 25. Qg3 Nc6 26. Rd1 Nxd4 27. Nxd4 Re8 28.
Rfe1 e5 29. fxe5 Rxe5 30. Kh1 Rfe7 31. Bg1 Bb7 32. Nf5 R7e6 33. Rxe5 Rxe5 34.
Rf1 Qb6 35. Bxc5 Qxc5 36. Nh6+ Kh8 37. Nf7+ Kg8 38. Nxe5 Qd6 39. Nxd7 1-0

[Event "DEM U16 2009"]
[Site "Willingen GER"]
[Date "2009.06.02"]
[Round "4"]
[White "Kahleys, Kevin"]
[Black "Steinacker, Alex"]
[Result "0-1"]
[Termination "normal"]
[Board "10"]
[WhiteElo "2006"]
[BlackElo "1835"]
[PlyCount "82"]
[WhiteFideId "24669601"]
[BlackFideId "24647195"]
[EventCountry "GER"]
[EventRounds "9"]
[EventType "swiss"]
[EventDate "2009.05.30"]

1. d4 Nf6 2. Nf3 g6 3. g3 Bg7 4. Bg2 O-O 5. O-O d6 6. c4 c6 7. Nc3 Bf5 8. b3
Ne4 9. Bb2 Nxc3 10. Bxc3 Be4 11. Qd2 Nd7 12. Rad1 d5 13. Rfe1 Nf6 14. Qb2 Qc7
15. Nd2 Bxg2 16. Kxg2 Rad8 17. e4 dxe4 18. Nxe4 Nxe4 19. Rxe4 e5 20. d5 Rfe8
21. f4 f5 22. Ree1 e4 23. Bxg7 Qxg7 24. Qxg7+ Kxg7 25. dxc6 bxc6 26. b4 Kf6 27.
Kf2 Ke7 28. Ke2 Rxd1 29. Rxd1 Rd8 30. Rxd8 Kxd8 31. Ke3 Kc7 32. Kd2 Kb6 33. g4
fxg4 34. Ke3 h5 35. Kxe4 h4 36. a4 c5 37. a5+ Ka6 38. bxc5 Kb7 39. Ke5 g3 40.
hxg3 hxg3 41. Kd6 Kc8 0-1

[Event "DEM U16 2009"]
[Site "Willingen GER"]
[Date "2009.06.02"]
[Round "4"]
[White "Weber, Max"]
[Black "Marx, Joschka"]
[Result "1/2-1/2"]
[Termination "normal"]
[Board "11"]
[WhiteElo "1711"]
[BlackElo "2014"]
[PlyCount "56"]
[WhiteFideId "4624831"]
[BlackFideId "24645869"]
[EventCountry "GER"]
[EventRounds "9"]
[EventType "swiss"]
[EventDate "2009.05.30"]

1. e4 d5 2. exd5 Qxd5 3. Nc3 Qd6 4. d4 Nf6 5. Bc4 a6 6. Nf3 b5 7. Bb3 Bb7 8.
Ne5 e6 9. Bf4 Qb4 10. a3 Qa5 11. O-O Nbd7 12. Qe2 Nxe5 13. dxe5 Nd7 14. Ne4 Nc5
15. Nxc5 Bxc5 16. c4 Qb6 17. cxb5 axb5 18. Rad1 O-O 19. Bc2 Rfd8 20. Rxd8+ Rxd8
21. Qg4 g6 22. b4 Be7 23. Rd1 Qc6 24. Rxd8+ Bxd8 25. Bd3 Qd5 26. Qf3 Qxf3 27.
gxf3 Bc6 28. Kf1 Kf8 1/2-1/2

[Event "DEM U16 2009"]
[Site "Willingen GER"]
[Date "2009.06.02"]
[Round "4"]
[White "Dünzel, Jonas"]
[Black "Meiser, Michael"]
[Result "1/2-1/2"]
[Termination "normal"]
[Board "12"]
[WhiteElo "1980"]
[BlackElo "1792"]
[PlyCount "39"]
[WhiteFideId "24631167"]
[BlackFideId "24659762"]
[EventCountry "GER"]
[EventRounds "9"]
[EventType "swiss"]
[EventDate "2009.05.30"]

1. e4 c5 2. Nf3 Nc6 3. d4 cxd4 4. Nxd4 g6 5. Nc3 Bg7 6. Be3 Nf6 7. Bc4 O-O 8.
f3 Qb6 9. Bb3 Nxe4 10. fxe4 Bxd4 11. Nd5 Qa5+ 12. c3 Bxe3 13. Nxe3 d6 14. Qd2
Bd7 15. h4 h5 16. O-O-O Ne5 17. Rdg1 Kg7 18. Rf1 Bc6 19. Nf5+ gxf5 20. Qg5+
1/2-1/2

[Event "DEM U16 2009"]
[Site "Willingen GER"]
[Date "2009.06.02"]
[Round "4"]
[White "Ohnmacht, Simon"]
[Black "Veit, Björn"]
[Result "0-1"]
[Termination "normal"]
[Board "13"]
[WhiteElo "1876"]
[BlackElo "1609"]
[PlyCount "60"]
[WhiteFideId "24672980"]
[BlackFideId "24600717"]
[EventCountry "GER"]
[EventRounds "9"]
[EventType "swiss"]
[EventDate "2009.05.30"]

1. d4 d5 2. c4 c6 3. Nf3 e6 4. Nc3 Nf6 5. Bg5 Nbd7 6. e3 Be7 7. Bd3 O-O 8. c5
b6 9. b4 Re8 10. Qc2 Bb7 11. O-O Qc8 12. Kh1 Bd8 13. Ne2 h6 14. Bh4 bxc5 15.
bxc5 e5 16. Bf5 exd4 17. exd4 Ne4 18. Bxd8 Qxd8 19. Bxd7 Qxd7 20. Ng3 Ba6 21.
Rfe1 Bd3 22. Qa4 Nxf2+ 23. Kg1 Bb5 24. Qc2 Nd3 25. Red1 Nf4 26. Ne5 Qc7 27. Qf2
g5 28. Nf5 f6 29. Nxh6+ Kf8 30. g3 Nh3+ 0-1

[Event "DEM U16 2009"]
[Site "Willingen GER"]
[Date "2009.06.02"]
[Round "4"]
[White "Bräuer, Franz"]
[Black "Cremer, Jan Paul"]
[Result "1-0"]
[Termination "time forfeit"]
[Board "14"]
[WhiteElo "1966"]
[BlackElo "1877"]
[PlyCount "72"]
[WhiteFideId "24634468"]
[BlackFideId "24686115"]
[EventCountry "GER"]
[EventRounds "9"]
[EventType "swiss"]
[EventDate "2009.05.30"]

1. e4 e5 2. Nf3 Nc6 3. Bb5 f5 4. d3 fxe4 5. dxe4 Nf6 6. Qe2 Bc5 7. Nc3 d6 8. h3
O-O 9. Bg5 Be6 10. Bc4 Qe7 11. Nd5 Bxd5 12. Bxd5+ Kh8 13. c3 Qe8 14. Bxc6 Qxc6
15. Bxf6 Rxf6 16. O-O Raf8 17. a4 a5 18. b3 Qd7 19. Kh2 Qf7 20. Rab1 Qh5 21.
Kg3 Qh6 22. Kh2 g5 23. b4 Ba7 24. bxa5 g4 25. Ng1 Rxf2 26. Rxf2 Bxf2 27. Qxg4
Rg8 28. Qf3 Qh4 29. Rxb7 Bxg1+ 30. Kxg1 Rg3 31. Rb8+ Kg7 32. Qf8+ Kg6 33. Qf5+
Kh6 34. Qf2 Qg5 35. Rf8 Rxc3 36. a6 Rb3 1-0

[Event "DEM U16 2009"]
[Site "Willingen GER"]
[Date "2009.06.02"]
[Round "5"]
[White "Kotainy, Jens"]
[Black "Zelbel, Patrick"]
[Result "1/2-1/2"]
[Termination "normal"]
[Board "1"]
[WhiteElo "2170"]
[BlackElo "2330"]
[PlyCount "55"]
[WhiteFideId "24670499"]
[BlackFideId "24624322"]
[EventCountry "GER"]
[EventRounds "9"]
[EventType "swiss"]
[EventDate "2009.05.30"]

1. e4 c5 2. c3 d5 3. exd5 Qxd5 4. d4 Nc6 5. Nf3 Bg4 6. Be2 cxd4 7. cxd4 Nf6 8.
O-O e6 9. Be3 Bd6 10. Nc3 Qa5 11. Qb3 Qb4 12. Qxb4 Nxb4 13. Rac1 a6 14. h3 Bh5
15. g4 Bg6 16. Ne5 Nbd5 17. Nxd5 Nxd5 18. Bd2 Ke7 19. Bf3 f6 20. Nc4 Bd3 21.
Bxd5 Bxf1 22. Nxd6 Kxd6 23. Bxb7 Bb5 24. Bf4+ Ke7 25. Rc7+ Bd7 26. Bxa8 Rxa8
27. a3 a5 28. b3 1/2-1/2

[Event "DEM U16 2009"]
[Site "Willingen GER"]
[Date "2009.06.02"]
[Round "5"]
[White "Graf, Felix"]
[Black "Jussupow, Alexander"]
[Result "1/2-1/2"]
[Termination "normal"]
[Board "2"]
[WhiteElo "2300"]
[BlackElo "2072"]
[PlyCount "58"]
[WhiteFideId "24608904"]
[BlackFideId "24613509"]
[EventCountry "GER"]
[EventRounds "9"]
[EventType "swiss"]
[EventDate "2009.05.30"]

1. d4 d5 2. c4 e6 3. Nc3 Nf6 4. cxd5 exd5 5. Bg5 Be7 6. e3 O-O 7. Bd3 Nbd7 8.
Nf3 Re8 9. h3 Nf8 10. Bf4 c6 11. Qc2 Be6 12. O-O N6d7 13. Bh2 Nb6 14. e4 dxe4
15. Nxe4 Nd5 16. a3 Qb6 17. Nc5 h6 18. Ne5 Bf6 19. Nc4 Qd8 20. Nxb7 Qe7 21.
Nbd6 Red8 22. Be5 Bxe5 23. dxe5 Nf4 24. f3 Qg5 25. Kh1 Nd7 26. Rfe1 Nxd3 27.
Qxd3 Bxc4 28. Nxc4 Nxe5 29. Qc2 Nxc4 1/2-1/2

[Event "DEM U16 2009"]
[Site "Willingen GER"]
[Date "2009.06.02"]
[Round "5"]
[White "Kartsev, Alexandr"]
[Black "Petermann, Michail"]
[Result "1-0"]
[Termination "normal"]
[Board "3"]
[WhiteElo "2074"]
[BlackElo "2062"]
[PlyCount "81"]
[WhiteFideId "24647110"]
[BlackFideId "24643530"]
[EventCountry "GER"]
[EventRounds "9"]
[EventType "swiss"]
[EventDate "2009.05.30"]

1. e4 e5 2. Nf3 Nc6 3. Bb5 a6 4. Bxc6 dxc6 5. Nc3 f6 6. d4 exd4 7. Qxd4 Qxd4 8.
Nxd4 Bd7 9. f3 O-O-O 10. Kf2 c5 11. Nde2 Bd6 12. Bf4 Bxf4 13. Nxf4 Ne7 14. Rad1
b5 15. Ncd5 Nc6 16. Rd2 f5 17. exf5 Bxf5 18. g4 Bd7 19. h4 Ne5 20. Ne7+ Kb7 21.
Rd5 Nc4 22. b3 Nb6 23. Rxc5 Rhf8 24. Kg3 Rf7 25. Ned5 Nxd5 26. Rxd5 Rdf8 27.
Rxd7 Rxd7 28. Ne6 Rff7 29. Nc5+ Kc6 30. Nxd7 Rxd7 31. Rh2 b4 32. f4 Rd1 33. f5
Kd6 34. Re2 Kd7 35. Re4 a5 36. Re5 Rd2 37. Rxa5 Rxc2 38. Ra4 c5 39. Ra7+ Kd6
40. Kf4 Rf2+ 41. Kg5 1-0

[Event "DEM U16 2009"]
[Site "Willingen GER"]
[Date "2009.06.02"]
[Round "5"]
[White "Berchtenbreiter, Maximilian"]
[Black "Butschek, Marc"]
[Result "1-0"]
[Termination "normal"]
[Board "4"]
[WhiteElo "2148"]
[BlackElo "1855"]
[PlyCount "107"]
[WhiteFideId "24641120"]
[BlackFideId "4630904"]
[EventCountry "GER"]
[EventRounds "9"]
[EventType "swiss"]
[EventDate "2009.05.30"]

1. e4 e6 2. f4 d5 3. e5 c5 4. Nf3 Nc6 5. c3 Nge7 6. Na3 a6 7. Nc2 Qb6 8. Rb1
Qa5 9. a3 c4 10. d3 b5 11. Be3 Nf5 12. Bf2 Qc7 13. Ne3 Bc5 14. Nxf5 Bxf2+ 15.
Kxf2 exf5 16. Qd2 Be6 17. Be2 h6 18. Qe3 Qa7 19. d4 Qe7 20. h3 Rb8 21. Bd1 Rg8
22. Bc2 a5 23. Rhg1 g6 24. g4 Qd7 25. Nh4 fxg4 26. hxg4 Bxg4 27. f5 h5 28. fxg6
Qe7 29. Nf5 Bxf5 30. Bxf5 Qh4+ 31. Qg3 Qxg3+ 32. Rxg3 Ne7 33. gxf7+ Kxf7 34.
Rf3 Rg5 35. Bd7+ Kg7 36. b3 b4 37. cxb4 axb4 38. bxc4 dxc4 39. Rxb4 Rxb4 40.
axb4 Nd5 41. Be6 Nxb4 42. Rf7+ Kh8 43. Bxc4 Rg7 44. Rf8+ Kh7 45. d5 Rc7 46. e6
Rxc4 47. e7 Rc2+ 48. Kg3 Rc3+ 49. Kh4 Rc4+ 50. Kxh5 Nxd5 51. e8=Q Nf4+ 52. Rxf4
Rxf4 53. Qg6+ Kh8 54. Qh6+ 1-0

[Event "DEM U16 2009"]
[Site "Willingen GER"]
[Date "2009.06.02"]
[Round "5"]
[White "Schäfer, Alexander"]
[Black "Günnigmann, Manuel"]
[Result "1/2-1/2"]
[Termination "normal"]
[Board "5"]
[WhiteElo "2007"]
[BlackElo "2133"]
[PlyCount "150"]
[WhiteFideId "24615196"]
[BlackFideId "24640360"]
[EventCountry "GER"]
[EventRounds "9"]
[EventType "swiss"]
[EventDate "2009.05.30"]

1. e4 c5 2. Nf3 Nc6 3. Bb5 g6 4. O-O Bg7 5. c3 Nf6 6. Re1 O-O 7. h3 Ne8 8. d4
cxd4 9. cxd4 Nc7 10. Ba4 d5 11. e5 f6 12. Nc3 fxe5 13. Bxc6 bxc6 14. Nxe5 Qd6
15. b3 c5 16. Ba3 Qf6 17. Nf3 Bxh3 18. Bxc5 Be6 19. Qe2 Kh8 20. Qe5 Qxf3 21.
Qxg7+ Kxg7 22. gxf3 Rxf3 23. Nb5 Nxb5 24. Rxe6 Rf7 25. Rae1 Re8 26. Bxe7 Nxd4
27. Bf6+ Rxf6 28. Rxe8 Nf3+ 29. Kf1 Nxe1 30. Kxe1 Ra6 31. Rd8 Rxa2 32. Rxd5 Kf6
33. Rd7 h5 34. Kf1 Kf5 35. Kg2 h4 36. Rd5+ Kg4 37. Rd4+ Kh5 38. Rd5+ g5 39. Rc5
Kg4 40. Rc4+ Kh5 41. Rc5 a5 42. Rc4 Ra3 43. Rc5 Kg6 44. Rc6+ Kf5 45. Rc5+ Kf6
46. Rc6+ Ke7 47. Rc5 Kf6 48. Rc6+ Kf5 49. Rc5+ Kg6 50. Rc6+ Kh5 51. Rc5 Ra2 52.
Rc4 Rb2 53. Ra4 Rxb3 54. Rxa5 h3+ 55. Kh2 Rf3 56. Rb5 Kg4 57. Rb4+ Rf4 58. Rb2
Ra4 59. Rc2 Kh4 60. Rb2 g4 61. Rb5 Ra2 62. Kg1 Ra1+ 63. Kh2 Re1 64. Rc5 Re2 65.
Kg1 Re1+ 66. Kh2 Re8 67. Rb5 Rg8 68. Ra5 Rg7 69. Rb5 Rf7 70. Kg1 Rf3 71. Ra5
h2+ 72. Kxh2 Rxf2+ 73. Kg1 Kg3 74. Ra3+ Rf3 75. Ra1 Rb3 1/2-1/2

[Event "DEM U16 2009"]
[Site "Willingen GER"]
[Date "2009.06.02"]
[Round "5"]
[White "Steinacker, Alex"]
[Black "Grünter, Martin"]
[Result "0-1"]
[Termination "normal"]
[Board "6"]
[WhiteElo "1835"]
[BlackElo "2092"]
[PlyCount "70"]
[WhiteFideId "24647195"]
[BlackFideId "24640352"]
[EventCountry "GER"]
[EventRounds "9"]
[EventType "swiss"]
[EventDate "2009.05.30"]

1. Nc3 c5 2. Nf3 d6 3. d4 cxd4 4. Nxd4 Nf6 5. g3 e5 6. Nb3 Bd7 7. Bg2 Bc6 8.
Nd5 Nxd5 9. Bxd5 Nd7 10. O-O Be7 11. Be3 O-O 12. c3 h6 13. Qd2 Qc7 14. Rac1 a5
15. Rfd1 Nf6 16. c4 Ba4 17. Bg2 Rfd8 18. h3 Bc6 19. Qd3 Bxg2 20. Kxg2 b6 21.
Qf5 Rac8 22. Rc3 b5 23. cxb5 Qb7+ 24. Qf3 Qxb5 25. Bc1 e4 26. Qe3 Nd5 27. Qxe4
Nxc3 28. bxc3 Bf6 29. Bf4 d5 30. Qf5 Qxe2 31. Rd2 Qe4+ 32. Qxe4 dxe4 33. Nxa5
Bxc3 34. Rxd8+ Rxd8 35. Nc6 Ra8 0-1

[Event "DEM U16 2009"]
[Site "Willingen GER"]
[Date "2009.06.02"]
[Round "5"]
[White "Müller, Tobias"]
[Black "März, Julian"]
[Result "0-1"]
[Termination "normal"]
[Board "8"]
[WhiteElo "1744"]
[BlackElo "1992"]
[PlyCount "86"]
[WhiteFideId "24643394"]
[BlackFideId "24646172"]
[EventCountry "GER"]
[EventRounds "9"]
[EventType "swiss"]
[EventDate "2009.05.30"]

1. c4 g6 2. g3 Bg7 3. Bg2 e5 4. Nc3 f5 5. e3 Nc6 6. Nge2 Nf6 7. O-O O-O 8. d3
d6 9. Rb1 g5 10. b4 Ne7 11. d4 Ng6 12. c5 e4 13. a4 d5 14. b5 c6 15. Bd2 Bh6
16. Qc1 Kh8 17. Na2 Bd7 18. Rb3 Qe7 19. Kh1 Rg8 20. Nac3 Raf8 21. a5 Ng4 22.
bxc6 Bxc6 23. Nd1 f4 24. exf4 gxf4 25. Nxf4 Nxf4 26. Bxf4 Bxf4 27. gxf4 Ba4 28.
Rg3 Qh4 29. Rh3 Qe7 30. f3 exf3 31. Rhxf3 Bb5 32. Rg1 Be2 33. Qd2 Bxf3 34. Bxf3
Nf6 35. Re1 Qg7 36. Nc3 Re8 37. Rf1 Ne4 38. Bxe4 dxe4 39. Nd1 Rd8 40. d5 Rxd5
41. Qe2 Rxc5 42. Qxe4 Rxa5 43. Ne3 Ra1 0-1

[Event "DEM U16 2009"]
[Site "Willingen GER"]
[Date "2009.06.02"]
[Round "5"]
[White "Marx, Joschka"]
[Black "Osmanodja, Filiz"]
[Result "1/2-1/2"]
[Termination "normal"]
[Board "9"]
[BlackTitle "FM"]
[WhiteElo "2014"]
[BlackElo "1963"]
[PlyCount "85"]
[WhiteFideId "24645869"]
[BlackFideId "24633569"]
[EventCountry "GER"]
[EventRounds "9"]
[EventType "swiss"]
[EventDate "2009.05.30"]

1. e4 c5 2. Nf3 d6 3. d4 cxd4 4. Nxd4 Nf6 5. Nc3 a6 6. f3 e5 7. Nb3 Be6 8. Be3
Be7 9. Qd2 Qc7 10. O-O-O Nbd7 11. Kb1 O-O 12. g4 b5 13. g5 Nh5 14. Ne2 Rac8 15.
Ng3 Nf4 16. h4 d5 17. Bxf4 exf4 18. Nf5 Bxf5 19. exf5 Ne5 20. Bd3 Bd6 21. f6 g6
22. h5 Rfd8 23. hxg6 fxg6 24. Nd4 Re8 25. Bf1 Bc5 26. Nb3 Be3 27. Qxd5+ Nf7 28.
Bh3 Qxc2+ 29. Ka1 Red8 30. Bd7 Rc7 31. Qe6 a5 32. Qh3 h5 33. gxh6 Kh7 34. Qe6
Qc4 35. Qe7 a4 36. Na5 Rdxd7 37. Nxc4 Rxe7 38. fxe7 Rxe7 39. Nd6 Ne5 40. Nxb5
Nxf3 41. Nc3 g5 42. Nd5 Rf7 43. Rd3 1/2-1/2

[Event "DEM U16 2009"]
[Site "Willingen GER"]
[Date "2009.06.02"]
[Round "5"]
[White "Veit, Björn"]
[Black "Dünzel, Jonas"]
[Result "0-1"]
[Termination "normal"]
[Board "10"]
[WhiteElo "1609"]
[BlackElo "1980"]
[PlyCount "120"]
[WhiteFideId "24600717"]
[BlackFideId "24631167"]
[EventCountry "GER"]
[EventRounds "9"]
[EventType "swiss"]
[EventDate "2009.05.30"]

1. e4 c5 2. Nc3 Nc6 3. Bc4 e6 4. d3 Na5 5. f4 Nxc4 6. dxc4 d6 7. Nf3 b6 8. O-O
Be7 9. b3 Bb7 10. Bb2 Nf6 11. Qe1 a6 12. Rd1 Qc7 13. f5 O-O 14. fxe6 fxe6 15.
Ng5 Bc8 16. Qe3 h6 17. Nf3 Bd7 18. Nh4 Ng4 19. Qg3 Bxh4 20. Qxg4 Bg5 21. Qg3 e5
22. Qd3 Bg4 23. Nd5 Qb7 24. Rde1 Be6 25. Rxf8+ Rxf8 26. a4 Bxd5 27. Qxd5+ Qxd5
28. cxd5 Rc8 29. c4 Rb8 30. Bc1 Bxc1 31. Rxc1 b5 32. axb5 axb5 33. Rc2 bxc4 34.
bxc4 Rb3 35. Kf2 Rd3 36. Ke2 Rd4 37. Ke3 Kf7 38. Kf3 Kf6 39. Ke3 Kg5 40. Kf3 h5
41. Rc3 Kf6 42. Rc2 g5 43. Ke3 g4 44. Rf2+ Kg6 45. Rc2 Kg5 46. Rc1 Kh4 47. Rc2
Rd1 48. Rd2 Rc1 49. Kd3 Rh1 50. h3 Kg3 51. Re2 Rg1 52. hxg4 hxg4 53. Ra2 Rxg2
54. Ra8 Rf2 55. Rg8 Rf6 56. Ke3 Kh3 57. Rh8+ Kg2 58. Rg8 g3 59. Ke2 Kh2 60.
Rh8+ Kg1 0-1

[Event "DEM U16 2009"]
[Site "Willingen GER"]
[Date "2009.06.02"]
[Round "5"]
[White "Meiser, Michael"]
[Black "Weber, Max"]
[Result "1/2-1/2"]
[Termination "normal"]
[Board "11"]
[WhiteElo "1792"]
[BlackElo "1711"]
[PlyCount "79"]
[WhiteFideId "24659762"]
[BlackFideId "4624831"]
[EventCountry "GER"]
[EventRounds "9"]
[EventType "swiss"]
[EventDate "2009.05.30"]

1. e4 e6 2. f4 d5 3. e5 c5 4. c3 Nc6 5. Nf3 Nh6 6. Na3 Be7 7. Nc2 O-O 8. d4 Qb6
9. Rb1 f6 10. exf6 Bxf6 11. dxc5 Qxc5 12. Be3 Qd6 13. Bd3 e5 14. fxe5 Nxe5 15.
O-O Nhg4 16. Bf4 Qb6+ 17. Ncd4 Nxf3+ 18. Qxf3 Bxd4+ 19. cxd4 Qxd4+ 20. Kh1 Be6
21. Qg3 Nf6 22. Rbd1 Ne4 23. Qe1 Qa4 24. Rc1 Rac8 25. Rxc8 Rxc8 26. Qh4 Qd7 27.
h3 Rf8 28. Rc1 Qd8 29. Qxd8 Rxd8 30. Bxe4 dxe4 31. Rc7 Rd7 32. Rxd7 Bxd7 33.
Kg1 Kf7 34. Kf2 Ke6 35. Bd2 Kd5 36. Ke3 Bc6 37. Bc3 g6 38. g3 Kc4 39. h4 b5 40.
a3 1/2-1/2

[Event "DEM U16 2009"]
[Site "Willingen GER"]
[Date "2009.06.02"]
[Round "5"]
[White "Bräuer, Franz"]
[Black "Kahleys, Kevin"]
[Result "1-0"]
[Termination "normal"]
[Board "12"]
[WhiteElo "1966"]
[BlackElo "2006"]
[PlyCount "113"]
[WhiteFideId "24634468"]
[BlackFideId "24669601"]
[EventCountry "GER"]
[EventRounds "9"]
[EventType "swiss"]
[EventDate "2009.05.30"]

1. e4 e6 2. d4 d5 3. Nc3 Nc6 4. Nf3 Nf6 5. Bg5 Be7 6. e5 Ne4 7. Bxe7 Qxe7 8. a3
Bd7 9. Bd3 Ng5 10. Be2 Nxf3+ 11. Bxf3 f6 12. exf6 Qxf6 13. Ne2 O-O 14. c3 Ne7
15. O-O Ng6 16. Nc1 c6 17. Nd3 e5 18. dxe5 Nxe5 19. Nxe5 Qxe5 20. Re1 Qg5 21.
Qd3 Rf6 22. Qe3 Qg6 23. Kh1 b6 24. Rad1 Bg4 25. Bxg4 Qxg4 26. f3 Qh5 27. Qe5
Qg6 28. Rxd5 Re6 29. Qxe6+ Qxe6 30. Rxe6 cxd5 31. Kg1 Kf7 32. Rd6 Re8 33. Kf2
Re7 34. Rxd5 Ke6 35. Rd4 Kf5 36. g4+ Kg5 37. Rd5+ Kf6 38. h4 h6 39. a4 Ke6 40.
c4 Rc7 41. b3 a5 42. Ke3 Rc8 43. Rb5 Rc6 44. c5 bxc5 45. Rxa5 c4 46. b4 Rd6 47.
Rc5 Rd3+ 48. Ke4 Ra3 49. a5 c3 50. Kd4 c2 51. Rxc2 Rxf3 52. Kc5 Rf8 53. Kb5
Rb8+ 54. Ka4 Ra8 55. b5 Kd6 56. b6 Re8 57. b7 1-0